Vald - Échelon 2 - Paroles - Statistiques

Statistiques générales
  • Ce quiz a été pris 9 fois
  • Le résultat moyen est 238 sur 488
Statistiques - réponses
Réponse % Correct
à
100%
À
100%
au
100%
aucun
100%
bitch,
100%
ça
100%
ce
100%
ces
100%
de
100%
del’
100%
deux,
100%
développe,
100%
Échelon
100%
échelon
100%
et
100%
faire
100%
la
100%
là,
100%
le
100%
Mister
100%
ni
100%
on
100%
On
100%
100%
(où
100%
plus
100%
« plus
100%
pour
100%
Pour
100%
que
100%
temporelle,
100%
aide
50%
album
50%
Aquarium :
50%
attend
50%
autre
50%
avait
50%
avant
50%
balle
50%
Baudelaire
50%
Bean
50%
bien
50%
Bientôt
50%
bientôt
50%
bijoux,
50%
bon,
50%
bon
50%
brillent
50%
(brrr)
50%
b’soin
50%
Ca-capsule
50%
camp
50%
cer-su ?
50%
certains
50%
certifient
50%
c’est
50%
C’est
50%
c’était
50%
chaque
50%
Charles
50%
chiens
50%
chiffres
50%
clairement
50%
coffré
50%
combos,
50%
comme
50%
complot,
50%
comprimés,
50%
comptes,
50%
conso’
50%
dalle
50%
dans
50%
danse,
50%
d’aucune
50%
d’enchaînements
50%
derrière
50%
Des
50%
des
50%
d’homicides
50%
diamants
50%
(diamants)
50%
dirait
50%
dit
50%
dixième
50%
DJ
50%
(DJ
50%
d’la
50%
d’lumière,
50%
donne
50%
dos,
50%
d’racailler
50%
d’terre
50%
du
50%
d’voyou
50%
Elle
50%
elle
50%
en
50%
En
50%
encore
50%
encore,
50%
envies
50%
erreurs
50%
est-ce
50%
êtres
50%
étudiant
50%
famille
50%
faux
50%
Fernand
50%
fleurs
50%
flingues ?
50%
(force)
50%
frères
50%
gagner
50%
gonflent
50%
grand
50%
grands
50%
Gros
50%
gros
50%
han
50%
(han)
50%
(hein)
50%
honte,
50%
humains
50%
ils
50%
Ils
50%
j’ai
50%
J’ai
50%
j’aimerais
50%
jardin,
50%
j’arrive
50%
j’attends,
50%
j’continue
50%
je
50%
Je
50%
jeunes
50%
J’excelle
50%
j’fais
50%
J’fais
50%
J’lève
50%
j’parle
50%
J’peux
50%
j’redescends
50%
j’sais
50%
J’sais
50%
J’suis
50%
j’suis
50%
J’veux
50%
J’voudrais
50%
Khaled
50%
Khaled,
50%
l’abri
50%
l’air
50%
l’Bac
50%
l’chrono
50%
(l’chrono),
50%
l’Covid
50%
l’Covid)
50%
l’entrainement
50%
l’époque
50%
les
50%
leurs
50%
level
50%
l’futur
50%
l’heure
50%
livres »
50%
l’serpent
50%
l’tremblement
50%
ma
50%
Maint’nant
50%
mais
50%
(mais
50%
marketing
50%
me-
50%
me
50%
Même
50%
même
50%
mes
50%
micro
50%
modèle,
50%
mon
50%
mort
50%
mur
50%
nage
50%
Naps
50%
narguer,
50%
Nathan
50%
Nique
50%
nos
50%
nous
50%
(oh),
50%
ont
50%
oreille
50%
paillettes
50%
pas
50%
(paw),
50%
(paw)
50%
pervertir
50%
pète
50%
peut-être
50%
pile
50%
(pile
50%
plaisir
50%
Pourquoi
50%
pourrais
50%
prends
50%
prochain
50%
Quand
50%
quand
50%
qu’ça
50%
qu’elle
50%
qui
50%
qu’il
50%
qu’ils
50%
quoi
50%
(quoi)
50%
raconter
50%
regarde-moi,
50%
rempli
50%
répliqueraient
50%
rêvent
50%
ring
50%
sachent
50%
s’arrête ?
50%
s’arrête ?)
50%
scores
50%
s’échapper
50%
shit
50%
Si
50%
solo
50%
(solo),
50%
son
50%
sortie
50%
(sortie)
50%
stores,
50%
Strass
50%
streams
50%
suit
50%
sur
50%
sûr
50%
tape
50%
tas
50%
t’as
50%
t’attends
50%
té-ma
50%
temps
50%
ter-j’
50%
Terre,
50%
t’essaies
50%
The
50%
totalement
50%
triche
50%
tu
50%
un
50%
une
50%
up
50%
V.A.L.D,
50%
vécu
50%
venir
50%
vent
50%
vent)
50%
Viens
50%
vivant,
50%
v’là
50%
Voice
50%
vu
50%
(wow)
50%
absent
0%
ah)
0%
assez
0%
Beetle
0%
calle
0%
carrés
0%
carrés,
0%
C’est-c’est-c’est
0%
clinquant
0%
d’cash
0%
Distanciation
0%
effort
0%
(fort)
0%
gée-gor
0%
grise)
0%
grrrt
0%
heu
0%
(hey)
0%
hey
0%
J’arrê-j’arrête
0%
j’dis
0%
J’envoie
0%
J’tape
0%
latentes
0%
l’sang
0%
l’single
0%
Ma-ma-matrixé,
0%
minutes
0%
monte
0%
morts
0%
(nan)
0%
(nan,
0%
nan,
0%
nan)
0%
Nan,
0%
New
0%
(Okay)
0%
Pickles
0%
P.I.M.P.,
0%
pimpant
0%
pique
0%
promis
0%
refrain,
0%
roulent
0%
sans
0%
sataniques,
0%
Sauf
0%
(single)
0%
(sku,
0%
sku)
0%
sociale,
0%
sont
0%
Sully
0%
tah
0%
torts
0%
trois
0%
(tu-tu-tu-tu-tut)
0%
vices
0%
Vingt
0%
Vingt-et-un :
0%
VIP,
0%
(yeah)
0%
(yeah,
0%
yeah)
0%
Yeah,
0%
yeah,
0%
(ye-yeah)
0%
(zone
0%
Aucun quiz correspondant
Distribution des résultats
% des personnes avec chaque résultat
Percentile par nombre de réponses
Votre historique - résultats
Vous n’avez pas pris ce quiz